| 000 | 00476nam a2200193Ia 4500 | ||
|---|---|---|---|
| 003 | OSt | ||
| 005 | 20230509163210.0 | ||
| 008 | 210423s1995 xx 000 0 und d | ||
| 040 | _cAL | ||
| 041 | _aeng | ||
| 082 |
_a301.0954 _223 _bCHIS |
||
| 100 |
_aCHINGAMANI (M A). _9101644 |
||
| 245 | _aStudy of Indian society. | ||
| 260 |
_aHyderabad _bOrient Longman _c1995 |
||
| 300 |
_av,26 _bPB |
||
| 365 |
_b90 _cINR |
||
| 906 | _aindian ; society. ; Study | ||
| 942 |
_2ddc _cBK |
||
| 999 |
_c171787 _d171787 |
||